01413nam a2200241Ia 4500001001100000003001000011008004100021040002500062041001300087100002300100245009100123250001100214260006400225300001200289500026000301501011400561520026000675650001900935942000700954957000600961999004200967952016201009L942-50932IT-CnALBA170116s9999||||xx |||||||||||||| ||und|| aIT-CnALBAcIT-CnALBA aITALIANO aLANDOGNA FRANCESCO 0aNELLA LUCE DELLA STORIA. LA CIVILTÀ MEDIEVALE E MODERNA. TESTO PER LA SCUOLA MEDIA.  a3a ed. a FIRENZE MESSINAbD'ANNA CASA EDITR. c1952 [1° Ed.: n.d.] a198 p.  aCRISTIANESIMO. FINE DELL'IMPERO ROMANO. REGNI ROMANO BARBARICI. LONGOBARDI. GREGORIO MAGNO. ARABI, MAOMETTO. L'IMPERO CAROLINGIO. FEUDALESIMO. LE INVESTITURE. I NORMANNI. LE REPUBBLICHE MARINARE. COMUNI E IMPERO. INNOCENZO III, FEDERICO II. SAN FRANCESCO  aSocietà San Paolo EM - Piazza San Paolo, 14 - 12051 ALBA (CN) (non commercial uses only) ® Copyright 2017 aCRISTIANESIMO. FINE DELL'IMPERO ROMANO. REGNI ROMANO BARBARICI. LONGOBARDI. GREGORIO MAGNO. ARABI, MAOMETTO. L'IMPERO CAROLINGIO. FEUDALESIMO. LE INVESTITURE. I NORMANNI. LE REPUBBLICHE MARINARE. COMUNI E IMPERO. INNOCENZO III, FEDERICO II. SAN FRANCESCO  aSTORIA MODERNA cBK 71 a57456bNOg Copie: 1 c309836d309836 0010406L_9425093271aALBAbALBAd2017-01-16l0oL942-50932r2017-01-16 00:00:00w2017-01-16yBKz(data import: 16 gennaio 2017) - By Epidotti, Vaglietti.